Estimating agricultural productivity in Mysore and South Canara from Buchanan's journey (1800-01): Positioning India in the great divergence debate (Record no. 107465)

000 -LEADER
fixed length control field 00488pab a2200145 454500
008 - FIXED-LENGTH DATA ELEMENTS--GENERAL INFORMATION
fixed length control field 180718b2015 xxu||||| |||| 00| 0 eng d
100 ## - MAIN ENTRY--PERSONAL NAME
Personal name Sivramkrishna, Sashi
245 ## - TITLE STATEMENT
Title Estimating agricultural productivity in Mysore and South Canara from Buchanan's journey (1800-01): Positioning India in the great divergence debate
260 ## - PUBLICATION, DISTRIBUTION, ETC.
Date of publication, distribution, etc. 2015
300 ## - PHYSICAL DESCRIPTION
Extent p.66-76.
362 ## - DATES OF PUBLICATION AND/OR SEQUENTIAL DESIGNATION
Dates of publication and/or sequential designation 18 Apr
650 ## - SUBJECT ADDED ENTRY--TOPICAL TERM
Topical term or geographic name entry element Agricultural production
773 ## - HOST ITEM ENTRY
Main entry heading Economic and Political Weekly
909 ## -
-- 107470
Holdings
Withdrawn status Lost status Damaged status Not for loan Permanent Location Current Location Date acquired Serial Enumeration / chronology Barcode Date last seen Price effective from Koha item type
        Indian Institute of Public Administration Indian Institute of Public Administration 2018-07-19 Volume no: 50, Issue no: 16 AR107930 2018-07-19 2018-07-19 Articles

Powered by Koha